Исследования явления старения изоляторов типа П-4,5

Dettagli Bibliografici
Autore principale: Титов В. Н. Вадим Никонович
Ente Autore: Томский индустриальный институт
Riassunto:Документ создан машинописным способом
Lingua:russo
Pubblicazione: Томск, [194?]
Soggetti:
Natura: MixedMaterials Libro
KOHA link:https://koha.lib.tpu.ru/cgi-bin/koha/opac-detail.pl?biblionumber=366232

MARC

LEADER 00000nbm0a2200000 4500
001 366232
005 20231102011848.0
035 |a (RuTPU)RU\TPU\retro\23595 
090 |a 366232 
100 |a 20220203f19401948k y0rusy50 ca 
101 0 |a rus 
102 |a RU 
105 |a y z 000zy 
200 1 |a Исследования явления старения изоляторов типа П-4,5  |f В. Н. Титов  |g Томский индустриальный институт 
210 |a Томск  |d [194?] 
215 |a 5 с. 
300 |a Документ создан машинописным способом 
606 1 |a Подвесные изоляторы фарфоровые  |2 stltpush  |3 (RuTPU)RU\TPU\subj\49589  |9 68375 
610 1 |a изоляторы 
610 1 |a старение 
610 1 |a емкость 
610 1 |a диэлектрические потери 
675 |a 621.315.624  |v 4 
700 1 |a Титов  |b В. Н.  |c российский физик  |c организатор и создатель физико-технического факультета Томского политехнического института  |f 1909-1965  |g Вадим Никонович  |2 stltpush  |3 (RuTPU)RU\TPU\pers\12444 
712 0 2 |a Томский индустриальный институт  |c (1934-1944)  |2 stltpush  |3 (RuTPU)RU\TPU\col\9243  |9 24665 
801 1 |a RU  |b 63413507  |c 20220203 
801 2 |a RU  |b 63413507  |c 20230310  |g RCR 
942 |c BK